| 000 | 01619nam a2200313 a 4500 | ||
|---|---|---|---|
| 001 | 1896412 | ||
| 003 | AM-YEHGA | ||
| 005 | 20260403154227.0 | ||
| 008 | 230406s2016 le aco||r|||||00||0|eng|d | ||
| 020 | _a978-9953-475-01-1 | ||
| 040 | _aAM-YEHGA | ||
| 041 | 0 | _aeng | |
| 245 | 0 | 0 |
_aArt as an invitation to life : _bOn the occasion of its 20th anniversary Noah's Ark Art Gallery comes forward with twenty well-known artists / _cElo Saradjian, Herag Hergelian (Editors) ; Mosses Zirani (Publisher) ; Agop Kanledjian, Avedis Sarajian (Photographers) ; Noah's Ark Art Gallery. |
| 246 | 1 | 4 |
_aArt as an invitation to life : _bNoah's Ark Art Gallery twenty years and beyond |
| 260 |
_a[Beirut] : _bNoyan Tapan Edition, _c2016. |
||
| 300 |
_a43, [5] p. : _bill., photos ; _c30 cm. |
||
| 500 | _aOn the occasion of its 20th anniversary Noah's Ark Art Gallery comes forward with twenty well-known artists: Carzou, Jean Tarpinian, Guvder, Paul Guiragossian, Dikran Dadrian, Juliana Seraphim, Edik Pertian, Berdj Tchakedjian, Robert Elibekian, Assadour, Hrair, Ruben Abovian, Maroun Hakim, Yuroz, Suren Vosganian, Samuel Gareguinyan, Vahram, Gevorg Yeghyazaryan, Vahan Roumelian, David D. | ||
| 610 | 2 | _aNoah's Ark Art Gallery | |
| 650 | 1 | 4 |
_aPainting, Armenian _y20th century |
| 650 | 1 | 4 | _aPainting, Modern |
| 650 | 1 | 4 |
_aArt, Armenian _vExhibitions _vCatalogs _zLebanon |
| 700 | 1 |
_aHerkelian, Movses Zirani _4pbl |
|
| 700 | 1 |
_aSaradjian, Elo _4edt |
|
| 700 | 1 |
_aHergelian, Herag _4edt |
|
| 700 | 1 |
_aSarajian, Avedis _4pht |
|
| 700 | 1 |
_aKanledjian, Agop _4pht |
|
| 710 | 2 | _aNoah's Ark Art Gallery. | |
| 942 |
_2udc _cBK |
||
| 999 |
_c535046 _d535046 |
||